[Event "XXXIV C.to Italiano Seniores"]
[Site "Arvier ITA"]
[Date "2012.04.20"]
[Round "7"]
[White "Colombo, Paolo"]
[Black "Barlocco, Carlo"]
[WhiteElo "2119"]
[BlackElo "2087"]
[Result "0-1"]
[PlyCount "124"]
[EventDate "2012.04.14"]

1. d4 d5 2. Nf3 Bf5 3. Bf4 e6 4. e3 Nf6 5. Bd3 Bd6 6. O-O O-O 7. Re1 Bxd3 8.
Qxd3 Nc6 9. Nbd2 Bxf4 10. exf4 Qd6 11. g3 a5 12. c3 b5 13. Ne5 Rfb8 14. Ndf3
Ne4 15. Nxc6 Qxc6 16. Ne5 Qd6 17. f3 Nf6 18. Re2 c5 19. Rae1 b4 20. dxc5 Qxc5+
21. Kg2 bxc3 22. bxc3 Rc8 23. Re3 Rab8 24. R1e2 Qb5 25. Qd4 Rc7 26. f5 exf5 27.
Qf4 Rxc3 28. Qxf5 Rxe3 29. Rxe3 Qb2+ 30. Kh3 Re8 31. f4 Qxa2 32. g4 d4 33. Rd3
Qe6 34. Qxe6 fxe6 35. Rxd4 Nd5 36. Ra4 Rc8 37. Kg3 Rc3+ 38. Kf2 g6 39. g5 Kf8
40. Rxa5 Nxf4 41. Nf3 Rc7 42. Ke3 Nd5+ 43. Ke4 Rf7 44. Ra8+ Kg7 45. Nd4 Nf4 46.
Ke5 h6 47. h4 hxg5 48. hxg5 Kh7 49. Re8 Nh3 50. Nxe6 Rf5+ 51. Kd6 Nxg5 52. Nf8+
Kg7 53. Nxg6 Kxg6 54. Re1 Kf6 55. Re2 Nf7+ 56. Kc6 Ne5+ 57. Kd6 Nf3 58. Re6+
Kg5 59. Re8 Kf4 60. Re2 Ra5 61. Kc7 Nd4 62. Re1 Kf5 0-1

[Event "XXXIV C.to Italiano Seniores"]
[Site "Arvier ITA"]
[Date "2012.04.20"]
[Round "7"]
[White "Facchetti, Gianni"]
[Black "Iudicello, Giovanni"]
[WhiteElo "2090"]
[BlackElo "2159"]
[Result "1-0"]
[PlyCount "79"]
[EventDate "2012.04.14"]

1. e4 e5 2. Nf3 Nc6 3. Bc4 Bc5 4. b4 Bxb4 5. c3 Ba5 6. d4 d6 7. Qb3 Qd7 8. O-O
Bb6 9. dxe5 Na5 10. Qb4 Nxc4 11. Qxc4 dxe5 12. Nxe5 Qe6 13. Qa4+ Bd7 14. Nxd7
Qxd7 15. Qc2 Ne7 16. Nd2 O-O 17. Nc4 Bc5 18. Be3 Bxe3 19. Nxe3 Qe6 20. Rab1 b6
21. Rfd1 f5 22. exf5 Nxf5 23. Nxf5 Qxf5 24. Re1 Qf6 25. Re3 Rae8 26. f3 Re5 27.
Rbe1 Rxe3 28. Rxe3 h6 29. Qe2 Qc6 30. h3 a5 31. Kh1 b5 32. Re5 b4 33. cxb4 axb4
34. Qd2 Qb6 35. Re4 c5 36. Qd5+ Kh8 37. Re6 Rd8 38. Qe5 Qb8 39. Rxh6+ Kg8 40.
Qe6+ 1-0

[Event "XXXIV C.to Italiano Seniores"]
[Site "Arvier ITA"]
[Date "2012.04.20"]
[Round "7"]
[White "Galanti, Paolo"]
[Black "Cova, Ennio"]
[WhiteElo "1416"]
[BlackElo "1700"]
[Result "0-1"]
[PlyCount "32"]
[EventDate "2012.04.14"]

1. e4 e5 2. Nf3 Nc6 3. Bb5 a6 4. Ba4 Nf6 5. O-O b5 6. Bb3 Be7 7. c3 O-O 8. Re1
d5 9. exd5 e4 10. dxc6 exf3 11. Qxf3 Bg4 12. Qe3 Re8 13. d4 Bd6 14. Qd2 Bf4 15.
Rxe8+ Qxe8 16. Bxf7+ Kxf7 0-1

[Event "XXXIV C.to Italiano Seniores"]
[Site "Arvier ITA"]
[Date "2012.04.20"]
[Round "7"]
[White "Goli, Daniele"]
[Black "Antonelli, Fabrizio"]
[WhiteElo "1961"]
[BlackElo "2023"]
[Result "1-0"]
[PlyCount "103"]
[EventDate "2012.04.14"]

1. d4 Nf6 2. c4 g6 3. Nc3 Bg7 4. Nf3 O-O 5. e4 d6 6. Be2 e5 7. dxe5 dxe5 8.
Qxd8 Rxd8 9. Bg5 Re8 10. O-O Nc6 11. Rad1 Bg4 12. Nd2 Nd4 13. Bxg4 Nxg4 14. Nd5
Ne6 15. Bh4 c6 16. h3 cxd5 17. cxd5 Nxf2 18. Bxf2 Nd4 19. Nf3 Ne2+ 20. Kh2 f5
21. Rfe1 Nf4 22. Bh4 h6 23. exf5 g5 24. Bf2 Rad8 25. Re4 Rxd5 26. Rxd5 Nxd5 27.
Bxa7 Ra8 28. Bc5 Rxa2 29. Ba3 Ra1 30. Nxe5 Rf1 31. g4 Nf4 32. Kg3 Rg1+ 33. Kh2
Rg2+ 34. Kh1 Rf2 35. Re3 Re2 36. Rxe2 Nxe2 37. Nd3 Bd4 38. Kg2 Kf7 39. Kf3 Ng1+
40. Kg2 Ne2 41. Bd6 h5 42. Bh2 Kf6 43. Kf3 Ng1+ 44. Bxg1 Bxg1 45. Ke4 Ba7 46.
Kd5 Ke7 47. Nc5 b5 48. Ne4 Be3 49. Kc6 Bd4 50. b3 b4 51. Kd5 Bc3 52. Nxg5 1-0

[Event "XXXIV C.to Italiano Seniores"]
[Site "Arvier ITA"]
[Date "2012.04.20"]
[Round "7"]
[White "Jeanrenaud, Antonia"]
[Black "Pierantoni, Guglielmo"]
[WhiteElo "1597"]
[BlackElo "1693"]
[Result "1-0"]
[PlyCount "107"]
[EventDate "2012.04.14"]

1. d4 Nf6 2. c4 e6 3. Nc3 c5 4. Nf3 cxd4 5. Qxd4 Nc6 6. Qe3 Be7 7. a3 a6 8. Ne4
h6 9. Nxf6+ Bxf6 10. Rb1 O-O 11. g3 Qc7 12. Bg2 b6 13. O-O Bb7 14. b4 Rfe8 15.
Bb2 Bxb2 16. Rxb2 d5 17. Qc3 Rad8 18. Rd1 Ne7 19. c5 bxc5 20. bxc5 Rc8 21. Rc1
Red8 22. e3 Nc6 23. Nd4 Ne5 24. Re2 Nc4 25. e4 Qxc5 26. exd5 Bxd5 27. Bxd5 exd5
28. Nf5 d4 29. Ne7+ Kf8 30. Qf3 Rc7 31. Ng6+ Kg8 32. Ne7+ Kh8 33. Qxf7 Qg5 34.
f4 Qc5 35. Kh1 d3 36. Re6 Qd5+ 37. Kg1 Rxe7 38. Qxe7 Qd4+ 39. Kg2 Qb2+ 40. Kh3
Rg8 41. Rxc4 d2 42. Rd6 Qa2 43. Rcd4 Qxa3 44. Rxd2 Qf3 45. Rd8 Qf1+ 46. Rg2 g5
47. Rxg8+ Kxg8 48. fxg5 hxg5 49. Qxg5+ Kh8 50. Qd5 Qf6 51. Ra2 Qh6+ 52. Kg2 Qb6
53. Qa8+ Kg7 54. Rxa6 1-0

[Event "XXXIV C.to Italiano Seniores"]
[Site "Arvier ITA"]
[Date "2012.04.20"]
[Round "7"]
[White "Maestri, Roberto"]
[Black "Tedesco, Fernando"]
[WhiteElo "1711"]
[BlackElo "1685"]
[Result "0-1"]
[PlyCount "102"]
[EventDate "2012.04.14"]

1. Nf3 e6 2. g3 d5 3. Bg2 Nf6 4. O-O Be7 5. d3 O-O 6. Nbd2 Nc6 7. e4 dxe4 8.
Nxe4 Nxe4 9. dxe4 Qxd1 10. Rxd1 e5 11. b3 Be6 12. Bb2 f6 13. Rd2 Rad8 14. Rad1
Rxd2 15. Rxd2 Rd8 16. a4 Rxd2 17. Nxd2 a6 18. Bf1 h6 19. c3 g6 20. b4 Kg7 21.
f3 h5 22. h4 Nd8 23. Kf2 Nf7 24. b5 a5 25. c4 b6 26. Nb1 Nd8 27. Nc3 Nb7 28.
Nd5 Bxd5 29. exd5 Bd6 30. Bd3 Kf7 31. Ke3 Bc5+ 32. Ke2 Bd6 33. Bc1 f5 34. Bg5
Nc5 35. Bc2 e4 36. fxe4 fxe4 37. Bf4 Bxf4 38. gxf4 Kf6 39. Ke3 Kf5 40. Bd1 Nd7
41. Bc2 Nf6 42. Bd1 Ne8 43. Bc2 Nd6 44. Kd4 Kxf4 45. c5 Nf5+ 46. Kc4 Ne3+ 47.
Kc3 Nxd5+ 48. Kd4 Nf6 49. cxb6 cxb6 50. Bxe4 Nxe4 51. Kd5 Nc3+ 0-1

[Event "XXXIV C.to Italiano Seniores"]
[Site "Arvier ITA"]
[Date "2012.04.20"]
[Round "7"]
[White "Papa, Angelo"]
[Black "Giani, Franco"]
[WhiteElo "1852"]
[BlackElo "1942"]
[Result "1/2-1/2"]
[PlyCount "103"]
[EventDate "2012.04.14"]

1. d4 c5 2. d5 d6 3. e4 Nf6 4. Nc3 e5 5. Nf3 Be7 6. Be2 Na6 7. O-O O-O 8. Nd2
Nc7 9. a4 a6 10. Nc4 Rb8 11. Nb6 Bd7 12. f4 Na8 13. Nxa8 Rxa8 14. fxe5 Ne8 15.
exd6 Bxd6 16. Bf4 Qc7 17. Qd2 f6 18. b3 Rd8 19. Rae1 Bc8 20. Bc4 Kh8 21. Bxd6
Nxd6 22. Qf4 Qa5 23. Re3 Nxc4 24. bxc4 Kg8 25. Rd1 Qb6 26. Rg3 Rf7 27. e5 fxe5
28. Qxe5 Bd7 29. Qg5 Rdf8 30. h4 h6 31. Qg6 Qxg6 32. Rxg6 Bf5 33. Rb6 Bxc2 34.
Rd2 Bf5 35. d6 Be6 36. Nd5 Rd8 37. Ne7+ Kh8 38. Rxb7 Bxc4 39. Rc7 Rf1+ 40. Kh2
Rf4 41. Rxc5 Be6 42. a5 Rxh4+ 43. Kg1 Bd7 44. Rc7 Ra4 45. Nc6 Bxc6 46. Rxc6
Rxa5 47. d7 Rf5 48. Rxa6 Rf7 49. Ra7 Kg8 50. Kh2 Kf8 51. Kg3 Rf6 52. Kg4
1/2-1/2

[Event "XXXIV C.to Italiano Seniores"]
[Site "Arvier ITA"]
[Date "2012.04.20"]
[Round "7"]
[White "Piazza, Giacomo"]
[Black "D'Aulisa, Francesco"]
[WhiteElo "1619"]
[BlackElo "1755"]
[Result "0-1"]
[PlyCount "90"]
[EventDate "2012.04.14"]

1. Nf3 d6 2. e3 a6 3. c4 e6 4. b3 Nd7 5. Bb2 h6 6. d3 Ne7 7. Nbd2 b6 8. Qc2 Bb7
9. Be2 Nc6 10. a3 Ne7 11. Ne4 Nf5 12. h3 Ne7 13. O-O Rg8 14. a4 g5 15. Ba3 Ng6
16. Nh2 Bg7 17. Rad1 Nh4 18. Bh5 Nf6 19. Nxf6+ Bxf6 20. e4 e5 21. Ng4 Bg7 22.
Bb2 Bc8 23. d4 Bxg4 24. hxg4 Qe7 25. dxe5 Bxe5 26. Bxe5 Qxe5 27. Qe2 Ng6 28. g3
Qc3 29. Rd3 Qb4 30. f4 O-O-O 31. fxg5 Ne5 32. Re3 Rxg5 33. c5 Qxc5 34. Qxa6+
Kb8 35. Qe2 Rdg8 36. b4 Qxb4 37. Rc1 Nxg4 38. Qc2 Rc5 39. Rc3 Ne3 40. Qf2 Rxc3
41. Re1 Qxe4 42. Bf3 Qe5 43. g4 h5 44. a5 hxg4 45. axb6 gxf3+ 0-1

[Event "XXXIV C.to Italiano Seniores"]
[Site "Arvier ITA"]
[Date "2012.04.20"]
[Round "7"]
[White "Pipitone, Antonio"]
[Black "Brioschi, Camillo"]
[WhiteElo "1941"]
[BlackElo "1839"]
[Result "1-0"]
[PlyCount "89"]
[EventDate "2012.04.14"]

1. e4 e5 2. Nf3 Nc6 3. Bb5 a6 4. Ba4 Nf6 5. O-O b5 6. Bb3 Be7 7. Re1 O-O 8. c3
d6 9. h3 h6 10. d4 Re8 11. Nbd2 Bf8 12. Bc2 Bb7 13. Nf1 Na5 14. Ng3 g6 15. b3
c5 16. d5 Bc8 17. Nh2 Bg7 18. Be3 Kh7 19. Qd2 Nb7 20. a4 bxa4 21. Rxa4 Bd7 22.
Ra2 a5 23. Rea1 Rc8 24. Bd3 Nxd5 25. exd5 f5 26. Qc2 c4 27. bxc4 Nc5 28. Bxc5
Rxc5 29. Bf1 h5 30. Qd2 h4 31. Ne2 Bh6 32. Qe1 a4 33. Nc1 e4 34. Rb2 e3 35.
fxe3 Bxe3+ 36. Kh1 f4 37. Qd1 Qe7 38. Rb7 Rd8 39. Nd3 Qe4 40. Nxc5 dxc5 41. Bd3
Qe5 42. Nf3 Qxc3 43. Nxh4 Kh6 44. Rxd7 Rxd7 45. Bxg6 1-0

[Event "XXXIV C.to Italiano Seniores"]
[Site "Arvier ITA"]
[Date "2012.04.20"]
[Round "7"]
[White "Quagliarella, Sabino Remo"]
[Black "Nai, Giovanni"]
[WhiteElo "1901"]
[BlackElo "1651"]
[Result "0-1"]
[PlyCount "90"]
[EventDate "2012.04.14"]

1. d4 d5 2. Nf3 Nf6 3. Bf4 e6 4. e3 Nbd7 5. Bd3 c5 6. c3 Qb6 7. Qc2 c4 8. Be2
Bd6 9. Ne5 Qc7 10. Nxd7 Bxd7 11. Bxd6 Qxd6 12. Nd2 b5 13. Nf3 Bc6 14. Ne5 Bb7
15. O-O Nd7 16. f4 O-O 17. Bf3 f5 18. a4 a6 19. axb5 axb5 20. b3 Nxe5 21. fxe5
Qe7 22. b4 Bc6 23. Ra5 Rxa5 24. bxa5 Ra8 25. Ra1 b4 26. cxb4 Qxb4 27. a6 Rxa6
28. Rb1 Qa3 29. Qf2 Qc3 30. g4 Ra1 31. Rxa1 Qxa1+ 32. Kg2 c3 33. gxf5 Qb2 34.
Be2 exf5 35. Kg3 Qd2 36. e6 c2 37. Qxf5 Qxe3+ 38. Bf3 Qg1+ 39. Bg2 Qe1+ 40. Kh3
Qe3+ 41. Bf3 Be8 42. e7 Qh6+ 43. Kg3 Qg6+ 44. Qxg6 hxg6 45. Bxd5+ Kh7 0-1

[Event "XXXIV C.to Italiano Seniores"]
[Site "Arvier ITA"]
[Date "2012.04.20"]
[Round "7"]
[White "Renzini, Lorenzo"]
[Black "Nipote, Mario"]
[WhiteElo "1745"]
[BlackElo "1504"]
[Result "1-0"]
[PlyCount "77"]
[EventDate "2012.04.14"]

1. c4 c5 2. g3 g6 3. Bg2 Bg7 4. Nf3 Nf6 5. d4 cxd4 6. Nxd4 Nc6 7. Nc3 O-O 8.
Bf4 a6 9. O-O Qb6 10. Nxc6 dxc6 11. Qc2 Be6 12. Ne4 Bf5 13. Nxf6+ Bxf6 14. e4
Be6 15. Rab1 Rad8 16. b3 Rd7 17. Be3 Qc7 18. Rbd1 Rfd8 19. Bf4 Be5 20. Bxe5
Qxe5 21. Rxd7 Rxd7 22. Rd1 Rd4 23. Rxd4 Qxd4 24. h4 c5 25. Bf1 f5 26. exf5 Bxf5
27. Qe2 e6 28. Qe3 Qxe3 29. fxe3 Bb1 30. a3 Ba2 31. b4 cxb4 32. axb4 b6 33. Kf2
Kf7 34. Kf3 a5 35. c5 bxc5 36. bxa5 Bd5+ 37. e4 Ba8 38. Ke3 e5 39. Bc4+ 1-0

[Event "XXXIV C.to Italiano Seniores"]
[Site "Arvier ITA"]
[Date "2012.04.20"]
[Round "7"]
[White "Rosino, Antonio"]
[Black "Guaglianone, Mario"]
[WhiteElo "2234"]
[BlackElo "2016"]
[Result "0-1"]
[PlyCount "40"]
[EventDate "2012.04.14"]

1. e4 d6 2. d4 Nf6 3. Nc3 g6 4. f4 Bg7 5. Nf3 O-O 6. Bd3 Na6 7. Be3 c6 8. Qd2
Qa5 9. h3 b5 10. O-O b4 11. Ne2 c5 12. d5 c4 13. Bxc4 Nxe4 14. Qc1 Bb7 15. a3
Qc7 16. Bb5 Rfc8 17. Ned4 Nf6 18. Nc6 Nxd5 19. Nxa7 Nxe3 20. Nxc8 Nxf1 0-1

[Event "XXXIV C.to Italiano Seniores"]
[Site "Arvier ITA"]
[Date "2012.04.20"]
[Round "7"]
[White "Scalfi, Agostino"]
[Black "Palermiti, Francesco"]
[WhiteElo "1923"]
[BlackElo "1545"]
[Result "1-0"]
[PlyCount "51"]
[EventDate "2012.04.14"]

1. e4 c5 2. Nf3 d6 3. d4 cxd4 4. Nxd4 Nf6 5. Nc3 e6 6. Be3 a6 7. a4 Be7 8. Bd3
O-O 9. f4 Qc7 10. O-O Nbd7 11. Nf3 b6 12. Kh1 Bb7 13. Qe2 Nc5 14. Bxc5 dxc5 15.
e5 Nd5 16. Ng5 Bxg5 17. fxg5 g6 18. Ne4 Qc6 19. c4 Nb4 20. Nf6+ Kg7 21. Be4 Qc7
22. Bxb7 Qxb7 23. Rad1 Rad8 24. Qe3 Nc6 25. Qh3 Rh8 26. Qh6# 1-0

[Event "XXXIV C.to Italiano Seniores"]
[Site "Arvier ITA"]
[Date "2012.04.20"]
[Round "7"]
[White "Valenti, Giuseppe"]
[Black "Laco, Giuseppe"]
[WhiteElo "2138"]
[BlackElo "2098"]
[Result "1-0"]
[PlyCount "79"]
[EventDate "2012.04.14"]

1. e4 g6 2. d4 Bg7 3. Nf3 d6 4. Be2 Nd7 5. Nc3 c5 6. O-O cxd4 7. Nxd4 a6 8. Kh1
b6 9. f4 Bb7 10. Bf3 h5 11. f5 Ne5 12. fxg6 Nxg6 13. Nf5 Be5 14. Bg5 Rc8 15.
Nd5 Bxd5 16. exd5 Bxb2 17. Bxh5 Rxh5 18. Qxh5 Bxa1 19. Rxa1 Qc7 20. Ng7+ Kd7
21. Qh3+ Kd8 22. Qh7 Qc3 23. Rf1 Kd7 24. h3 Qxc2 25. Rc1 Nf6 26. Qh6 Qxa2 27.
Bxf6 Rxc1+ 28. Qxc1 Qxd5 29. Bb2 a5 30. Qf1 b5 31. Nf5 Qb3 32. Qe2 b4 33. Qb5+
Kc7 34. Qxa5+ Kb7 35. Qb5+ Kc7 36. Bd4 Qc2 37. Bb6+ Kb7 38. Bc5+ Kc7 39. Qb6+
Kc8 40. Qc6+ 1-0

[Event "XXXIV C.to Italiano Seniores"]
[Site "Arvier ITA"]
[Date "2012.04.21"]
[Round "8"]
[White "Antonelli, Fabrizio"]
[Black "Papa, Angelo"]
[WhiteElo "2023"]
[BlackElo "1852"]
[Result "1-0"]
[PlyCount "69"]
[EventDate "2012.04.14"]

1. d4 g6 2. c4 Bg7 3. Nc3 Nf6 4. e4 d6 5. Be2 O-O 6. Bg5 c5 7. d5 b5 8. cxb5 a6
9. b6 Qxb6 10. Qc2 Nbd7 11. Nf3 h6 12. Bf4 g5 13. Bg3 Nh5 14. Nd2 Nxg3 15. hxg3
Ne5 16. f4 gxf4 17. gxf4 Ng6 18. Nc4 Qc7 19. g3 Bd7 20. O-O-O Bb5 21. Rh2 Bxc4
22. Bxc4 Rfb8 23. e5 Nf8 24. e6 f6 25. Rdh1 Rb4 26. b3 Rab8 27. Ne4 Qa5 28. g4
Qa3+ 29. Kd1 a5 30. Ng3 a4 31. Nf5 axb3 32. Nxe7+ Kh8 33. Rxh6+ Bxh6 34. Rxh6+
Kg7 35. Rg6+ 1-0

[Event "XXXIV C.to Italiano Seniores"]
[Site "Arvier ITA"]
[Date "2012.04.21"]
[Round "8"]
[White "Barlocco, Carlo"]
[Black "Facchetti, Gianni"]
[WhiteElo "2087"]
[BlackElo "2090"]
[Result "0-1"]
[PlyCount "107"]
[EventDate "2012.04.14"]

1. e4 d6 2. d4 Nf6 3. Nc3 e6 4. Bg5 Be7 5. Nf3 h6 6. Bxf6 Bxf6 7. e5 Be7 8.
exd6 Qxd6 9. Bd3 a6 10. O-O Nc6 11. Qd2 Bg5 12. Nxg5 hxg5 13. g3 Nxd4 14. Qe3
g4 15. Be4 Qc5 16. Rfe1 Nf3+ 17. Bxf3 Qxe3 18. Rxe3 gxf3 19. Rxf3 Bd7 20. Rd3
Bc6 21. Rad1 Ke7 22. a4 Rxh2 23. Nd5+ Bxd5 24. Rxd5 exd5 25. Kxh2 Rd8 26. Kg2
Rd6 27. Kf3 b6 28. Ke3 Re6+ 29. Kd3 c5 30. Rh1 Rh6 31. Re1+ Kd7 32. Re5 Rd6 33.
Rh5 g6 34. Rh8 a5 35. b3 Ke6 36. Rf8 f6 37. Rg8 Kf5 38. f3 Re6 39. Rb8 Kg5 40.
Rb7 f5 41. c3 Rd6 42. Re7 d4 43. cxd4 Rxd4+ 44. Kc3 f4 45. g4 Kh4 46. Re6 Kg3
47. Rxg6 Kxf3 48. g5 Kg2 49. Rf6 f3 50. Rxb6 f2 51. Rf6 f1=Q 52. Rxf1 Kxf1 53.
g6 Rg4 54. g7 0-1

[Event "XXXIV C.to Italiano Seniores"]
[Site "Arvier ITA"]
[Date "2012.04.21"]
[Round "8"]
[White "Berendino, Giacomo"]
[Black "Scalfi, Agostino"]
[WhiteElo "1576"]
[BlackElo "1923"]
[Result "1/2-1/2"]
[PlyCount "40"]
[EventDate "2012.04.14"]

1. d4 Nf6 2. Nf3 g6 3. g3 d5 4. Bg2 Bg7 5. O-O Nc6 6. a3 O-O 7. b4 a6 8. Bb2
Bf5 9. Nbd2 Re8 10. Nh4 Bc8 11. c4 e6 12. Rc1 g5 13. Nhf3 h6 14. e3 Ne7 15.
cxd5 exd5 16. Re1 c6 17. Qc2 Bf5 18. e4 dxe4 19. Nxe4 Ned5 20. Nfd2 Bg6 1/2-1/2

[Event "XXXIV C.to Italiano Seniores"]
[Site "Arvier ITA"]
[Date "2012.04.21"]
[Round "8"]
[White "Brioschi, Camillo"]
[Black "Catalfamo, Santo"]
[WhiteElo "1839"]
[BlackElo "1794"]
[Result "1-0"]
[PlyCount "93"]
[EventDate "2012.04.14"]

1. d4 Nf6 2. c4 e6 3. Nc3 Bb4 4. e3 O-O 5. Bd3 Bxc3+ 6. bxc3 d6 7. e4 e5 8. Bg5
Nbd7 9. Ne2 h6 10. Bh4 c5 11. d5 g5 12. Bg3 h5 13. Qd2 Nh7 14. f3 Ndf6 15. Bf2
Kh8 16. h4 g4 17. f4 Ng8 18. fxe5 dxe5 19. Bxc5 Re8 20. Ng3 Ngf6 21. Be3 Kg7
22. Bg5 Kg6 23. Rf1 Qb6 24. Bxf6 Rg8 25. Bg5 f6 26. Be3 Qd8 27. c5 Bd7 28. Rb1
Rb8 29. Bb5 Bc8 30. Nf5 Bxf5 31. exf5+ Kf7 32. d6 Kg7 33. Bh6+ Kh8 34. Bc4 e4
35. Qd5 Qa5 36. Qd4 Rge8 37. Bf4 a6 38. Kf2 b5 39. Be6 Rb7 40. c6 Rg7 41. g3
Rxe6 42. fxe6 Qxa2+ 43. Kg1 Qxe6 44. c7 Qc8 45. Rfe1 Rd7 46. Rxe4 Kg8 47. Rbe1
1-0

[Event "XXXIV C.to Italiano Seniores"]
[Site "Arvier ITA"]
[Date "2012.04.21"]
[Round "8"]
[White "Cova, Ennio"]
[Black "Quagliarella, Sabino Remo"]
[WhiteElo "1700"]
[BlackElo "1901"]
[Result "0-1"]
[PlyCount "114"]
[EventDate "2012.04.14"]

1. Nf3 Nf6 2. g3 d5 3. d4 e6 4. Bg2 c5 5. c4 Nc6 6. cxd5 exd5 7. O-O Be7 8. Nc3
O-O 9. Bf4 Be6 10. Re1 Rc8 11. Rc1 cxd4 12. Nxd4 Nxd4 13. Qxd4 Qa5 14. Qa4 Bb4
15. Qxa5 Bxa5 16. Be5 Ne4 17. Red1 Nxc3 18. bxc3 Rcd8 19. Bd4 Rd7 20. Rb1 Rc8
21. Rb3 b6 22. Bf3 f6 23. h4 Kf7 24. Kg2 Rdc7 25. Rd3 Rd8 26. g4 Bc8 27. Be3
Bb7 28. Kg3 Rcd7 29. Bd4 Ba6 30. Re3 Bc4 31. Rb2 b5 32. g5 Bc7+ 33. Kg4 Bd6 34.
Bg2 fxg5 35. hxg5 Kg8 36. Re6 Re7 37. Rxe7 Bxe7 38. Bxa7 Ra8 39. Bd4 Rxa2 40.
Rxa2 Bxa2 41. Kf5 Kf7 42. f4 Bc4 43. e4 Bd3 44. Ke5 dxe4 45. Bxe4 Bxe4 46. Kxe4
h5 47. gxh6 gxh6 48. Kf5 Ba3 49. Kg4 Bb2 50. Be5 Kg6 51. Kh4 Bc1 52. Kg4 h5+
53. Kh4 Bd2 54. Kg3 Be1+ 55. Kh3 Kf5 56. Kg2 Kg4 57. Kf1 Bg3 0-1

[Event "XXXIV C.to Italiano Seniores"]
[Site "Arvier ITA"]
[Date "2012.04.21"]
[Round "8"]
[White "D'Aulisa, Francesco"]
[Black "Tedesco, Fernando"]
[WhiteElo "1755"]
[BlackElo "1685"]
[Result "1/2-1/2"]
[PlyCount "128"]
[EventDate "2012.04.14"]

1. e4 e6 2. d4 d5 3. exd5 exd5 4. Nf3 Be7 5. Bd3 Nf6 6. O-O O-O 7. h3 Re8 8.
Ne5 Nbd7 9. f4 Nf8 10. Nd2 c6 11. c3 Bd6 12. Re1 N6d7 13. Ndf3 f6 14. Nxd7
Rxe1+ 15. Qxe1 Bxd7 16. Bd2 Qe8 17. Qg3 Qf7 18. Re1 Re8 19. Nh2 Rxe1+ 20. Bxe1
Qe8 21. Bd2 Qf7 22. Ng4 Bxg4 23. Qxg4 Qe8 24. f5 Qf7 25. b3 Kh8 26. c4 Nd7 27.
Qf3 dxc4 28. Bxc4 Qe7 29. Be6 Nf8 30. d5 cxd5 31. Qxd5 Nxe6 32. fxe6 Kg8 33.
Be3 a6 34. Bb6 h6 35. Bd8 Bc5+ 36. Kh1 Qd6 37. Qc4 Qd1+ 38. Kh2 Bd6+ 39. g3
Qd2+ 40. Kg1 Qe1+ 41. Kg2 Qxg3+ 42. Kf1 Qf3+ 43. Ke1 Qe3+ 44. Kd1 Qf3+ 45. Kc2
Qf2+ 46. Kc3 Be5+ 47. Kd3 Qf1+ 48. Ke4 Qxc4+ 49. bxc4 Kf8 50. Kf5 Ke8 51. Ba5
Bd6 52. h4 b5 53. cxb5 axb5 54. h5 Bc5 55. Bd2 Bd6 56. Bc3 Kf8 57. Kg6 Be7 58.
Bd4 Kg8 59. Be3 Kf8 60. Bd4 Bd6 61. Be3 Be7 62. Kh7 Bd6 63. Kg6 Be7 64. Kf5 Bd6
1/2-1/2

[Event "XXXIV C.to Italiano Seniores"]
[Site "Arvier ITA"]
[Date "2012.04.21"]
[Round "8"]
[White "De Polzer, Manfredi"]
[Black "Centofante, Maria Rosa"]
[WhiteElo "1692"]
[BlackElo "1608"]
[Result "1-0"]
[PlyCount "159"]
[EventDate "2012.04.14"]

1. e4 d5 2. exd5 Qxd5 3. Nf3 Nf6 4. c4 Qa5 5. Nc3 c6 6. a3 Bg4 7. Be2 e6 8. O-O
Bd6 9. d4 Qc7 10. c5 Bf4 11. Bxf4 Qxf4 12. Ne5 Bxe2 13. Nxe2 Qg5 14. Ng3 O-O
15. Qb3 Nbd7 16. f4 Qh4 17. Nxd7 Nxd7 18. Qxb7 Nf6 19. Rf3 Rfc8 20. b4 a6 21.
f5 Qxd4+ 22. Kh1 Qxa1+ 23. Rf1 Qe5 24. fxe6 Qxe6 25. Nf5 Re8 26. Nd6 Rf8 27.
Qxc6 Qe2 28. Rg1 Ng4 29. h3 Nf2+ 30. Kh2 Qe5+ 31. g3 Qb2 32. Rg2 Qd4 33. Qf3
Nd1 34. Nf5 Qf6 35. Qd3 Rfd8 36. Nd6 Nc3 37. Rc2 Nb5 38. Rd2 Qc3 39. Qxc3 Nxc3
40. Rc2 Nb5 41. Nb7 Rdc8 42. a4 Nd4 43. Rc4 Nc6 44. Nd6 Rcb8 45. b5 axb5 46.
axb5 Ra2+ 47. Kg1 Ne5 48. Rc3 Nc6 49. b6 Nd4 50. Kf1 Ne6 51. b7 Nc7 52. c6 Kf8
53. h4 Ke7 54. Nc8+ Ke6 55. Rd3 Rc2 56. Na7 Nd5 57. Ke1 Kd6 58. Nb5+ Kxc6 59.
Nd4+ Kxb7 60. Nxc2 Nf6 61. Kf2 Rc8 62. Ne3 Re8 63. Nf5 Rg8 64. Rb3+ Kc7 65. Kf3
Kd7 66. Rb7+ Ke6 67. g4 Nd5 68. Nd4+ Ke5 69. Nf5 Ke6 70. Ra7 h6 71. Ra6+ Ke5
72. h5 Nf6 73. Ra7 Ke6 74. Re7+ Kd5 75. Rxf7 Ne8 76. Kf4 Ke6 77. Ra7 Kf6 78.
Ne7 Rf8 79. Ng6 Rf7 80. Ra6+ 1-0

[Event "XXXIV C.to Italiano Seniores"]
[Site "Arvier ITA"]
[Date "2012.04.21"]
[Round "8"]
[White "Galanti, Paolo"]
[Black "Jeanrenaud, Antonia"]
[WhiteElo "1416"]
[BlackElo "1597"]
[Result "0-1"]
[PlyCount "48"]
[EventDate "2012.04.14"]

1. e4 e5 2. Nf3 d6 3. d4 exd4 4. Qxd4 Nc6 5. Bb5 Be7 6. Qd2 Bg4 7. Be2 Ne5 8.
Nxe5 Bxe2 9. Nxf7 Kxf7 10. Qxe2 Nf6 11. Nc3 Qd7 12. O-O Rae8 13. f3 d5 14. Kh1
Bd6 15. Be3 c5 16. Nxd5 Nxd5 17. Qc4 Qe6 18. exd5 Qxe3 19. h3 Rhf8 20. Rae1 Qg5
21. Qg4 Qxd5 22. Rd1 Qe5 23. Qc4+ Qe6 24. Rxd6 Qxc4 0-1

[Event "XXXIV C.to Italiano Seniores"]
[Site "Arvier ITA"]
[Date "2012.04.21"]
[Round "8"]
[White "Gardi, Giuseppe"]
[Black "Renzini, Lorenzo"]
[WhiteElo "2013"]
[BlackElo "1745"]
[Result "1-0"]
[PlyCount "83"]
[EventDate "2012.04.14"]

1. d4 Nf6 2. c4 g6 3. Nc3 Bg7 4. e4 d6 5. f3 O-O 6. Be3 e5 7. d5 Nbd7 8. Qd2 b6
9. Nh3 a5 10. Nf2 Nc5 11. Be2 Kh8 12. g4 Ng8 13. h4 f6 14. O-O-O Rf7 15. Rh2
Bd7 16. Nh1 Qf8 17. Ng3 Bh6 18. g5 Bg7 19. h5 gxh5 20. Rxh5 fxg5 21. Rdh1 Bf6
22. Bxg5 Bxg5 23. Qxg5 Qe7 24. Qxe7 Rxe7 25. Nf5 Rf7 26. Nh6 Nxh6 27. Rxh6 Rg8
28. Kd2 Rgg7 29. Nd1 Bc8 30. Ne3 Nd7 31. b3 Nf8 32. a3 Ng6 33. b4 axb4 34. axb4
Nf4 35. Bd1 Rg8 36. Bb3 Bb7 37. c5 bxc5 38. bxc5 Rd8 39. Ng4 dxc5 40. Nf6 Rg7
41. R1h2 Rg2+ 42. Rxg2 1-0

[Event "XXXIV C.to Italiano Seniores"]
[Site "Arvier ITA"]
[Date "2012.04.21"]
[Round "8"]
[White "Giani, Franco"]
[Black "Rosino, Antonio"]
[WhiteElo "1942"]
[BlackElo "2234"]
[Result "0-1"]
[PlyCount "88"]
[EventDate "2012.04.14"]

1. e3 d5 2. c4 c6 3. d4 Nf6 4. Nc3 g6 5. Nf3 Bg7 6. h3 O-O 7. Be2 Nbd7 8. O-O
Qc7 9. b3 e5 10. Bb2 exd4 11. Nxd4 dxc4 12. Bxc4 a6 13. Rc1 b5 14. Nd5 cxd5 15.
Bxd5 Nxd5 16. Rxc7 Nxc7 17. Qc1 Bxd4 18. Bxd4 Ne6 19. Bb2 Bb7 20. Qc3 f6 21.
Rd1 Rac8 22. Qa5 Rf7 23. Qa3 Ndf8 24. b4 Rd8 25. Rc1 Rd5 26. f4 Rd2 27. g4 Rfd7
28. Kf1 Rh2 29. Bc3 Rd3 30. Re1 Rc2 31. Rc1 Rdxc3 32. Qxc3 Rxc3 33. Rxc3 f5 34.
g5 Kf7 35. Kf2 Ke7 36. Kg3 Kd6 37. Rd3+ Bd5 38. Ra3 Nc7 39. h4 Bc4 40. Rc3 Nd5
41. Ra3 Nxb4 42. h5 Nd7 43. h6 Nc5 44. Rc3 Ne4+ 0-1

[Event "XXXIV C.to Italiano Seniores"]
[Site "Arvier ITA"]
[Date "2012.04.21"]
[Round "8"]
[White "Guaglianone, Mario"]
[Black "Valenti, Giuseppe"]
[WhiteElo "2016"]
[BlackElo "2138"]
[Result "0-1"]
[PlyCount "57"]
[EventDate "2012.04.14"]

1. d4 Nf6 2. c4 e6 3. Nf3 c5 4. d5 exd5 5. cxd5 d6 6. Nc3 g6 7. g3 Bg7 8. Bg2
O-O 9. O-O a6 10. a4 Nbd7 11. e4 Re8 12. Nd2 Rb8 13. Nc4 Nb6 14. Na3 Bd7 15. a5
Nc8 16. Nc4 Bb5 17. Nxb5 axb5 18. Nd2 Ra8 19. Qc2 Rxa5 20. Rxa5 Qxa5 21. Nb1 b4
22. h3 b5 23. Bg5 c4 24. Nd2 h6 25. Be3 Nb6 26. Rb1 b3 27. Qc1 Na4 28. f3 Nxd5
29. Nxc4 0-1